[Map Quiz] GO Transit Commuter Rail Stations Stats

 Plays Quiz not verified by Sporcle

Challenge
Share
Tweet
Score 0/68 Timer 20:00
0 Plays Today
% Correct
Union
91.2%
Hamilton
87%
Ajax
86.7%
Oshawa
85.3%
Niagara Falls
83.9%
Kitchener
82.5%
Pickering
82.5%
Milton
82.1%
Whitby
80.7%
Burlington
80%
Richmond Hill
79.8%
Scarborough
78.6%
Guelph
77.9%
Exhibition
77.5%
Newmarket
77.5%
Brampton
76.8%
Aurora
76.8%
Oakville
76.1%
Pearson Airport
75.9%
St. Catharines
75.8%
Markham
75.4%
Aldershot
73.7%
Barrie South
73.3%
Port Credit
72.6%
Georgetown
72.6%
Danforth
72.6%
Bradford
71.6%
Mimico
70.9%
Oriole
70.9%
York University
70.2%
Eglinton
69.8%
Stouffville
69.5%
Acton
69.1%
Old Cummer
68.8%
% Correct
Kennedy
68.8%
Malton
68.4%
Bloor
68.4%
Lincolnville
68.4%
Long Branch
68.1%
Gormley
68.1%
Weston
67.7%
Allandale Waterfront
67.7%
Bronte
67%
Etobicoke North
67%
Agincourt
67%
Clarkson
66.3%
Bramalea
66.3%
King City
66%
West Harbour
65.7%
East Gwillimbury
65.6%
Maple
64.9%
Appleby
64.2%
Rutherford
63.9%
Rouge Hill
63.2%
Guildwood
62.5%
Unionville
62.5%
Kipling
61.1%
Dixie
60.7%
Streetsville
60.7%
Milliken
60.4%
Mount Joy
60.4%
Mount Pleasant
59.3%
Langstaff
57.9%
Cooksville
57.2%
Centennial
57.2%
Erindale
55.8%
Lisgar
54.7%
Meadowvale
54.4%

You're not logged in!

Compare scores with friends on all Sporcle quizzes.
OR
Log In

You Might Also Like...

Show Comments

Extras

Curator's Pick Apr 9, 2018ReportNominate
Tags:Canada Quiz, commuter, toronto, transit

Top Quizzes Today


Score Distribution

Your Account Isn't Verified!

In order to create a playlist on Sporcle, you need to verify the email address you used during registration. Go to your Sporcle Settings to finish the process.

Report this User

Report this user for behavior that violates our Community Guidelines.

Details: